Торгівля Рівненщини у 2008 році. (Record no. 349602)

MARC details
000 -Лідер
fixed length control field 01029nam a22002417a 4500
003 - Ідентифікатор контрольного номера
control field UA-OsUOA
001 - Контрольний номер
control field 63610
007 - Фіксоване поле фізичного опису
fixed length control field ta
008 - Елементи даних фіксованої довжини – загальна інформація
fixed length control field 20091012b un ||||| |||| 00| 0 ukr d
090 ## - Локальний шифр розміщення
Класифікаційний індекс УДК 311.313(477.81)
Авторський знак (НП) М71
040 ## - Джерело каталогізації
Агенція оригінальної каталогізації UA-OsUOA
Мова каталогізації ukr
Агенція, яка здійснювала перезапис UA-OsUOA
Агенція, яка здійснювала модифікацію UA-OsUOA
041 ## - Код мови
Код мови тексту/ звукової доріжки чи окремого заголовка (П) ukr
080 ## - Індекс Універсальної десяткової класифікації
Індекс Універсальної десяткової класифікації (УДК) (НП) 311.313(477.81)
100 ## - Основне введення – ім’я особи
Ім’я особи (НП) Мішенкова Л.С.
245 ## - Відомості про назву
Назва (НП) Торгівля Рівненщини у 2008 році.
Решта назви (НП) (Статистичний збірник)
260 ## - Публікація, розповсюдження і т.п. (Вихідні дані)
Місце публікації, розповсюдження і т.п. (П) Рівне
Ім’я/ наймення видавництва, розповсюджувача і т.п. (П) Держкомстат
Дата публікації, розповсюдження і т.п. (П) 2009
300 ## - Фізичний опис
Обсяг 112 с.
520 3# - Резюме і т.п.
Резюме, реферат, анотація, тощо (НП) У статистичному збірнику наведені дані щодо основних показників розвитку торгівлі області за 2008 р. у порівнянні з попередніми роками.Розрахований на широке коло читачів.
650 #7 - Додаткове предметне введення – тематичний термін
Тематичний термін чи географічна назва, як елемент введення (НП) 311 Статистика як наука. Теорія статистики
Джерело заголовка чи терміна UDC
942 ## - Додаткові елементи входу (Коха)
Тип елемента Koha Books
955 ## - Код типу видання за змістом
Код типу видання за змістом (НП) Навчальні видання
Holdings
Стан вилучень Стан втрат Джерело класифікації або схеми стелажів Стан уражень Не для кредиту Постійне місце розташування Поточне розміщення Дата придбання Джерело придбання Вартість, звичайна ціна покупки Інвентарний номер Усього замовленно Повний номер виклику Штрих-код Дата останнього перегляду Ціна ефективна від Тип елемента Koha
    Universal Decimal Classification     ЧЗ - Читальна зала ЧЗ - Читальна зала 12/10/2009 125/2009 65.00 123548   311.313(477.81) М71 123548 07/02/2022 12/10/2009 Books